The Last Word: European Movies Quiz Stats

 Plays Quiz Updated Jan 10, 2019

Support Sporcle.
Go Orange.
Score 0/36 Timer 04:00
0 Plays Today
Hint Answer % Correct
FranceBeast
94%
SwedenTattoo
90.6%
GermanyRun
89.9%
SpainLabyrinth
86.5%
IrelandFoot
85.6%
SwedenNight
85.6%
GermanyBoot
84.4%
ItalyVita
84.3%
ItalyBeautiful
81.1%
IrelandIrish
76.2%
IrelandFather
75.7%
SpainMe
74.5%
IrelandAshes
74.2%
FranceBergerac
70.2%
SwedenIn
69.4%
ItalyParadiso
66.3%
IrelandSunday
65.3%
SwedenSeal
64.8%
Hint Answer % Correct
GermanyVampyre
64.1%
SpainEyes
61.5%
ItalyPostman
58.1%
FranceRed/White
56.4%
IrelandLyndon
55.8%
ItalyThieves
52.1%
SpainMother
50.3%
SwedenAlexander
48.6%
GermanyOthers
43.9%
SpainHer
41.7%
GermanyCaligari
39.4%
Italy½
36.8%
GermanyDrum
36.4%
FranceJim
36.3%
FranceBlows
35.2%
FranceMoon
31.4%
SwedenStrawberries
31%
SpainWords
4.4%

From the Vault

Countries with Masters Champions

by gwukelic

Sports 90s
Green jackets are all the rage in these nations.
Remove Ads.
Support Sporcle.
Get the best of Sporcle when you Go Orange. This ad-free experience offers more features, more stats, and more fun while also helping to support Sporcle. Thank you for becoming a member.

Show Comments

Extras

Top Quizzes Today


Score Distribution

Your Account Isn't Verified!

In order to create a playlist on Sporcle, you need to verify the email address you used during registration. Go to your Sporcle Settings to finish the process.

Report this User

Report this user for behavior that violates our Community Guidelines.

Details: